Teseo y el Minotauro : aventuras en el laberinto /
¿Estás preparado para leer una gran historia? Esta es una de ellas, en donde no falta nada: hay suspenso, hay peleas, hay amor y hay...¡un monstruo! Ahora bien, siempre que hay un monstruo, también solemos encontrar un héroe valiente, capaz de enfrentarlo sin ningún temor, y arriesgando su propia vi...
Guardado en:
| Autor Principal: | |
|---|---|
| Otros Autores: | |
| Formato: | Libro |
| Idioma: | Undetermined |
| Publicado: |
Buenos Aires :
Santillana,
2011.
|
| Edición: | 1a ed. |
| Series: | Mis primeros clásicos de la mitología universal ;
2 |
| Materias: | |
| Etiquetas: |
Agregar Etiqueta
Sin Etiquetas, Sea el primero en etiquetar este registro!
|
| LEADER | 01191nam a22002295a 4500 | ||
|---|---|---|---|
| 001 | CEM.cems021065 | ||
| 008 | 240424s2011####ag############000#0#und#d | ||
| 005 | 20240424151547.0 | ||
| 245 | 1 | 0 | |a Teseo y el Minotauro : |b aventuras en el laberinto / |c Adaptado por Eduardo M. Blanco ; ilustrado por Oscar Senonez. |
| 250 | |a 1a ed. | ||
| 260 | |a Buenos Aires : |b Santillana, |c 2011. | ||
| 300 | |a 48 p. | ||
| 490 | 1 | |a Mis primeros clásicos de la mitología universal ; |v 2 | |
| 520 | |a ¿Estás preparado para leer una gran historia? Esta es una de ellas, en donde no falta nada: hay suspenso, hay peleas, hay amor y hay...¡un monstruo! Ahora bien, siempre que hay un monstruo, también solemos encontrar un héroe valiente, capaz de enfrentarlo sin ningún temor, y arriesgando su propia vida. En este caso vamos a contar la historia de alguien que se animó a enfrentar él solo a una bestia temible: el Minotauro... | ||
| 020 | |a 9789870418580 | ||
| 100 | 1 | |a Blanco, Eduardo M.; adapt. | |
| 700 | 1 | |a Senonez, Oscar; il. | |
| 653 | |a Mitología | ||
| 653 | |a Mitología griega | ||
| 653 | |a Mitos | ||
| 653 | |a Literatura griega | ||
| 859 | |a CEMS |b BIB. CEMS - Inicial y Primaria |h 883 |i B598-1 |k IP |p 6555 |t Ej.1 | ||
